Size and value premium in international portfolios: evidence from 15 european countries
Skúmanie výkonnosti 15 európskych akciových trhov. Roztriedenie akcií do portfólií podľa trhovej kapitalizácie a pomeru trhovej ceny akcie k účtovnej hodnote. Trojfaktorový model Fama-French. Závislé a nezávislé premenné modelu. Oceňovanie aktív.
Gespeichert in:
| 1. Verfasser: | |
|---|---|
| Weitere Verfasser: | |
| Format: | Buchkapitel |
| Sprache: | Englisch |
| Schlagworte: | |
| Tags: |
Keine Tags, Fügen Sie das erste Tag hinzu!
|
MARC
| LEADER | 00000naa a2200000 4500 | ||
|---|---|---|---|
| 001 | 0134278 | ||
| 005 | 20231010115912.6 | ||
| 041 | 0 | |a eng | |
| 044 | |a CZ | ||
| 245 | 1 | 0 | |a Size and value premium in international portfolios: evidence from 15 european countries |c Nawazish Mirza, Ayesha Afzal |
| 520 | |a Skúmanie výkonnosti 15 európskych akciových trhov. Roztriedenie akcií do portfólií podľa trhovej kapitalizácie a pomeru trhovej ceny akcie k účtovnej hodnote. Trojfaktorový model Fama-French. Závislé a nezávislé premenné modelu. Oceňovanie aktív. | ||
| 610 | 2 | 0 | |a trh akciový |
| 610 | 2 | 0 | |a oceňovanie |
| 610 | 2 | 0 | |a aktíva |
| 610 | 2 | 0 | |a akcie |
| 610 | 2 | 0 | |a modely |
| 610 | 2 | 0 | |a Európa |
| 100 | 1 | |a Mirza, Nawazish | |
| 700 | 1 | |a Afzal, Ayesha | |